Geography Quiz

Random Geography or City Quiz

30 in 60: Largest Cities Quiz Stats

 Plays Quiz Updated Aug 25, 2017

Support Sporcle.
Go Orange.
Score 0/30 Timer 01:00
11 Plays Today
% Correct
France
77.4%
United States
77.2%
Australia
77.1%
Japan
77%
Canada
77%
Germany
77%
Spain
76.5%
Ireland
76.4%
Egypt
76.4%
Netherlands
75.1%
South Africa
74.1%
China
73.9%
Peru
73.6%
Turkey
73.5%
Norway
73.5%
% Correct
Brazil
71.6%
Switzerland
71.2%
New Zealand
70.2%
India
70%
UAE
69.3%
Vietnam
66.5%
Morocco
65.3%
Venezuela
60.4%
Syria
55.8%
Nigeria
53.1%
Pakistan
48.7%
Sri Lanka
40.8%
Tanzania
36%
Philippines
32.6%
Myanmar
31.2%

From the Vault

History Speed-Picking

by BillyJoelRulez

History 2m
This quiz will have you picking and choosing your way through history.
Remove Ads.
Support Sporcle.
Get the best of Sporcle when you Go Orange. This ad-free experience offers more features, more stats, and more fun while also helping to support Sporcle. Thank you for becoming a member.

Show Comments

Extras

Top Quizzes Today


Score Distribution

Your Account Isn't Verified!

In order to create a playlist on Sporcle, you need to verify the email address you used during registration. Go to your Sporcle Settings to finish the process.

Report this User

Report this user for behavior that violates our Community Guidelines.

Details: